Entes pequeños y medianos (Registro nro. 3796)

Detalles MARC
000 -LEADER
fixed length control field 01630 a2200253 4500
001 - CONTROL NUMBER
control field 44551
005 - DATE AND TIME OF LATEST TRANSACTION
control field 20260407155722.0
008 - FIXED-LENGTH DATA ELEMENTS--GENERAL INFORMATION
fixed length control field 260407a2016 arg spa d
003 - CONTROL NUMBER IDENTIFIER
control field AR-UNSa-BCEJYS
040 ## - CATALOGING SOURCE
Original cataloging agency AR-UNSa-BCEJYS
Language of cataloging spa
Transcribing agency AR-UNSa-BCEJYS
080 ## - UNIVERSAL DECIMAL CLASSIFICATION NUMBER
Universal Decimal Classification number 657
Common auxiliary subdivision Contabilidad
020 ## - INTERNATIONAL STANDARD BOOK NUMBER
International Standard Book Number 978-987-716-052-9
041 ## - LANGUAGE CODE
Language code of text/sound track or separate title spa
100 1# - MAIN ENTRY--PERSONAL NAME
Personal name Petti, Ana María
245 10 - TITLE STATEMENT
Title Entes pequeños y medianos
Name of part/section of a work nuevas normas contables
264 #1 - PRODUCTION, PUBLICATION, DISTRIBUTION, MANUFACTURE, AND COPYRIGHT NOTICE
Place of production, publication, distribution, manufacture Buenos Aires :
Name of producer, publisher, distributor, manufacturer Osmar D. Buyatti
Date of production, publication, distribution, manufacture, or copyright notice 2016
300 ## - PHYSICAL DESCRIPTION
Extent 192 p.
Dimensions 22 cm.
505 ## - FORMATTED CONTENTS NOTE
Formatted contents note 1. Entes pequeños, Resolución Técnica N° 41. Segunda parte - 2. Entes medianos. Resolución técnica N° 42 - 3. Normas generales para entes pequeños y entes medianos - 4. Mediciones iniciales de entes pequeños - 5. Mediciones periódicas de entes pequeños: créditos - 6. Mediciones periódicas de entes pequeños: pasivos - 7. Mediciones periódicas de entes pequeños: bienes de cambio excepto activos biológicos y del costo de bienes vendidos - 8. Mediciones iniciales y periódicas de entes medianos comparadas con las de entes pequeños - 9. Método del diferido para reconocer el impuesto a las ganancias - 10. Valores recuperables - 11. Mediciones periódicas de otros elementos patrimoniales - 12. Presentación de estados contables de entes pequeños y entes medianos -
590 ## - LOCAL NOTE (RLIN)
Local note niveau_biblio:m niveau_hierar:0
650 ## - SUBJECT ADDED ENTRY--TOPICAL TERM
Topical term or geographic name entry element Resolución Técnica Nº 41<br/>Resolución Técnica Nº 42
650 ## - SUBJECT ADDED ENTRY--TOPICAL TERM
Topical term or geographic name entry element resolucion tecnica nº 41 resolucion tecnica nº 42
856 41 - ELECTRONIC LOCATION AND ACCESS
Uniform Resource Identifier <a href="https://biblioeco.unsa.edu.ar/pmb/images/libros/L126964.jpg">https://biblioeco.unsa.edu.ar/pmb/images/libros/L126964.jpg</a>
Link text Imagen de portada
Electronic format type image/jpeg
942 ## - ADDED ENTRY ELEMENTS (KOHA)
Koha item type
Existencias
Withdrawn status Lost status Damaged status Not for loan Home library Current library Shelving location Date acquired Total checkouts Full call number Barcode Date last seen Price effective from Koha item type Public note
        Biblioteca Prof. Eusebio Cleto del Rey Biblioteca Prof. Eusebio Cleto del Rey   07/04/2026   657 P511e L126964 07/04/2026 07/04/2026 Libro  
        Biblioteca Prof. Eusebio Cleto del Rey Biblioteca Prof. Eusebio Cleto del Rey   07/04/2026   657 P511e L126965 07/04/2026 07/04/2026 Libro CANTO AMARILLO
        Biblioteca Prof. Eusebio Cleto del Rey Biblioteca Prof. Eusebio Cleto del Rey   07/04/2026   657 P511e L126966 07/04/2026 07/04/2026 Libro HOJAS SUELTAS -
        Biblioteca Prof. Eusebio Cleto del Rey Biblioteca Prof. Eusebio Cleto del Rey   07/04/2026   657 P511e L127661 07/04/2026 07/04/2026 Libro PÁG. 7 MANCHADO LEVE
        Biblioteca Prof. Eusebio Cleto del Rey Biblioteca Prof. Eusebio Cleto del Rey   07/04/2026   657 P511e L127760 07/04/2026 07/04/2026 Libro PÁG. 117,119,120,122,125 SUBRAYADO Y ESCRITO LEVE C/ LÁPIZ
        Biblioteca Prof. Eusebio Cleto del Rey Biblioteca Prof. Eusebio Cleto del Rey   07/04/2026   657 P511e L127761 07/04/2026 07/04/2026 Libro  
        Biblioteca Prof. Eusebio Cleto del Rey Biblioteca Prof. Eusebio Cleto del Rey   07/04/2026   657 P511e L127762 07/04/2026 07/04/2026 Libro